000 00926nam a2200181 a 4500
001 000033327
003 OSt
005 20201216124721.0
008 110824s1937 dr 000 0 spa d
040 _aDO-SdBNP
_bspa
_cBNPHU
082 4 _a355.3
_b R426m , 1937
_222
110 1 _aRepública Dominicana
_bEjercito Nacional.
_958919
245 0 _aMemoria que al honorable presidente de la República generalisimo doctor Rafael L. Trujillo Molina, benefactor de la patria presenta el mayor general José García, M. M. Secretario de Estado de lo Interior policia. Guerra y Marina, relativa a las labores realizadas en el departamento a su cargo durante el año 1937.
260 _aCiudad Trujillo, República Dominicana :
_bSecretaría de Estado de lo Interior policia. Guerra y Marina,
_c1937.
610 1 4 _aRepública Dominicana.
_bEjercito Nacional .
_958697
910 _aValidado. Control de calidad MFF
942 _2ddc
_cLBS1
999 _c32818
_d32818